01090nam a2200325Ic 450000100060000000300100000600500170001600700030003300800410003602000180007704000350009504100080013008200160013810000320015424500690018625000220025526400370027730000610031433600270037533700330040233800280043549000560046350000410051965000350056065000360059565000180063170000330064970000430068270000390072558294CO-BoRNBP20250821143857.0ta180109s2016 sp a g 000 0 spa  a9788497049450 aCO-BoRNBPbspaerdacCO-BoRNBP aspa04a028.8bG65l aGómez Díaz, Raqueleaut10aLeyendo entre pantallas /cRaquel Gómez Díaz... [y otros 3]. aPrimera edición 1aGijón :bEdiciones Trea,c2016 a255 páginas :bilustraciones, tablas en blanco y negro atextobtxt2rdacontent asin mediaciónbn2rdamedia avolumenbnc2rdacarrier0 aBiblioteconomía y administración cultural ; 293 aIncluye índice de figuras y tablas07aComprensión de lectura2lemb07aPromoción de la lectura2LEMB07aLectura2LEMB aAlonso Arévalo, Julioeaut aCordón García, José Antonioeaut aGarcía Rodríguez, Aracelieaut